Wongs Essentials of Pediatric Nursing (Record no. 154352)
[ view plain ]
| 000 -LEADER | |
|---|---|
| fixed length control field | 00345nam a2200133Ia 4500 |
| 008 - FIXED-LENGTH DATA ELEMENTS--GENERAL INFORMATION | |
| fixed length control field | 230411s9999 xx 000 0 und d |
| 041 ## - LANGUAGE CODE | |
| Language code of text/sound track or separate title | eng |
| 082 ## - DEWEY DECIMAL CLASSIFICATION NUMBER | |
| Classification number | P/610.7362/HOC/B03489 |
| 100 ## - MAIN ENTRY--PERSONAL NAME | |
| Personal name | Hockenberry M |
| 245 ## - TITLE STATEMENT | |
| Title | Wongs Essentials of Pediatric Nursing |
| 260 ## - PUBLICATION, DISTRIBUTION, ETC. (IMPRINT) | |
| Name of publisher, distributor, etc. | Mosby |
| Place of publication, distribution, etc. | St Louis |
| Date of publication, distribution, etc. | 2005 |
| 300 ## - PHYSICAL DESCRIPTION | |
| Extent | 1307p |
| Withdrawn status | Lost status | Damaged status | Not for loan | Collection code | Home library | Current library | Date acquired | Vendor | Cost, normal purchase price | Bill number | Total Checkouts | Full call number | Barcode | Date last seen | Cost, replacement price | Bill Date | Koha item type | Original Barcode |
|---|---|---|---|---|---|---|---|---|---|---|---|---|---|---|---|---|---|---|
| Smt. Bakul Tambat Institute of Nursing Education | Smt. Bakul Tambat Institute of Nursing Education | 28/07/2006 | B.J.Medical Co-oprative College Stores | 1550.00 | 6187 | P 610.7362 HOC B03489 | BTIN-BK-3489 | 11/04/2023 | 1131.00 | 29/10/2014 | Books | B03489 |